Movies Quiz

Random Movies or Actor Quiz

***Action Movie Stars (Pics)*** Quiz Stats

 Plays Quiz not verified by Sporcle

Score 0/50 Timer 10:00
0 Plays Today
Actor/Movie % Correct
Will Smith
89.8%
Mel Gibson
87.7%
Eddie Murphy
87.4%
Harrison Ford
86.6%
Chuck Norris
86.3%
Tom Cruise
86.2%
Dwayne Johnson
84.8%
Bruce Willis
84.8%
Vin Diesel
84.5%
Clint Eastwood
80.6%
Sylvester Stallone
79.2%
Arnold Schwarzenegger
78.3%
Keanu Reeves
76.6%
Jet Li
76.1%
Die Hard
75.8%
Mission: Impossible
75.7%
Jason Statham
72.4%
Wesley Snipes
71.8%
Jean-Claude Van Damme
70.4%
Predator
67.5%
Beverly Hills Cop
67.2%
Steven Seagal
66.3%
Dirty Harry
65.9%
Speed
63.9%
Air Force One
62.1%
Actor/Movie % Correct
The Transporter
61.7%
Lethal Weapon
60.4%
xXx
58.1%
Bad Boys
57.8%
Steve Austin
57.2%
Charles Bronson
45.8%
Dolph Lundgren
44.2%
Carl Weathers
41.4%
Doom
41%
Under Siege
37%
Death Wish
30.1%
Cobra
29.8%
Street Fighter
29.5%
Yun-Fat Chow
28.8%
Passenger 57
19.8%
Masters of the Universe
19.8%
Lethal Weapon 4
17%
The Condemned
16.1%
Action Jackson
14.7%
American Ninja
9.1%
Michael Dudikoff
8.4%
The Killer
7.4%
Invasion U.S.A.
5.8%
Mark Dacascos
5.3%
Crying Freeman
2.6%

You're not logged in!

Compare scores with friends on all Sporcle quizzes.
OR
Log In

Show Comments

Extras

Created Oct 24, 2010ReportNominate
Tags:Actor Quiz, action, Image Quiz, star

Top Quizzes Today


Score Distribution

Your Account Isn't Verified!

In order to create a playlist on Sporcle, you need to verify the email address you used during registration. Go to your Sporcle Settings to finish the process.

Report this User

Report this user for behavior that violates our Community Guidelines.

Details: